Statystyki dla Prosty quiz

Kliknij tutaj aby rozwiązać quiz!

Ogólne statystyki

  • Ten quiz został rozwiązany 47 razy
  • Średni wynik to 4 z 7

Statystyki odpowiedzi

HintOdpowiedź% Poprawnych
Niemiecka marka produkującą samochody
na jego logo widnieją cztery pierścienie
Audi
93%
Prezydent USA przed Donaldem TrumpemBarack Obama
80%
Nazwa spółki do której należą np. FacebookMeta
78%
Ile krajów jest w Unii Europejskiej27
70%
Nazwa gatunku rybki NemoBłazenek
43%
Nazwa popularnej sieci sklepów z FrancjiCarrefour
43%
Najwieksze zwierzę lądoweSłoń afrykanski
40%

Rozkład punktacji

Percentyl według liczby udzielonych odpowiedzi

Procent ludzi z każdym wynikiem

Twoja historia wyników

Nie rozwiązałeś tego quizu